Lịch sử văn minh thế giới

Lịch sử văn minh thế giới cung cấp kiến thức cơ bản về quá trình ra đời và phát triển của các nền văn minh tiêu biểu trong lịch sử loài người.Giáo trình gồm 8 chương giới thiệu những nền văn minh cổ đại ở phương Đông, phương Tây, cá...

全面介紹

Đã lưu trong:
書目詳細資料
主要作者: Vũ, Dương Ninh
格式: 圖書
語言:Undetermined
出版: Hà Nội Giáo dục 2015
主題:
標簽: 添加標簽
沒有標簽, 成為第一個標記此記錄!
Thư viện lưu trữ: Trung tâm Học liệu Trường Đại học Cần Thơ
LEADER 01054nam a2200205Ia 4500
001 CTU_207078
008 210402s9999 xx 000 0 und d
020 |c 50000 
082 |a 909 
082 |b N312 
100 |a Vũ, Dương Ninh 
245 0 |a Lịch sử văn minh thế giới 
245 0 |c Vũ Dương Ninh ( chủ biên ) 
260 |a Hà Nội 
260 |b Giáo dục 
260 |c 2015 
520 |a Lịch sử văn minh thế giới cung cấp kiến thức cơ bản về quá trình ra đời và phát triển của các nền văn minh tiêu biểu trong lịch sử loài người.Giáo trình gồm 8 chương giới thiệu những nền văn minh cổ đại ở phương Đông, phương Tây, các nước Tây Âu và nền văn minh công nghiệp cận đại 
650 |a World history,Civilization,Lịch sử thế giới,Văn minh 
904 |i Tuyến 
980 |a Trung tâm Học liệu Trường Đại học Cần Thơ